| 000 | 01329aamaa2200373 i 4500 | ||
|---|---|---|---|
| 003 | EG-GiCUC | ||
| 005 | 20250325103823.0 | ||
| 008 | 061202s1997 ua o f 000 0dara d | ||
| 017 |
_a1996 / 8962 _bدار الكتب والوثائق القومية(مصر) |
||
| 020 | _a9772702908 | ||
| 040 |
_aEG-GiCUC _bara _cEG-GiCUC _dEG-GiCUC _erda |
||
| 043 | _af-ua--- | ||
| 050 | 4 |
_aDT148 _bT3 1997 |
|
| 082 | 0 | 4 |
_221 _a962.16 _bT176 |
| 092 | 0 | 4 |
_a962.16 _bT176 _221 |
| 099 | _a962.16 T176 | ||
| 100 | 1 |
_aالطرابيلي، عباس _eمؤلف. |
|
| 245 | 1 | 0 |
_aشوارع لها تاريخ : _bسياحة فى عقل الامة / _cعباس الطرابيلي. |
| 264 |
_aالقاهرة : _bالدار المصرية اللبنانية، _c1997. |
||
| 300 |
_a222 صفحة ؛ _c24 سم |
||
| 336 |
_2rdacontent _atext |
||
| 337 |
_2rdamedia _aUnmediated |
||
| 338 |
_2rdacarrier _avolume |
||
| 504 | _aيشتمل على ارجاعات ببليوجرافية (ص221-222) | ||
| 541 |
_aأ. د. جابر عصفور ؛ _bالقاهرة ؛ _cإهداء ؛ _d2024. |
||
| 650 | 1 | _2qrmak | |
| 651 | 7 |
_aالقاهرة _xتاريخ _2qrmak |
|
| 856 | _uhttp://172.23.153.220/th.pdf | ||
| 902 | _a3 | ||
| 905 |
_aابراهيم _eمدخل |
||
| 905 | _aAsmaa | ||
| 905 |
_aايمان ع _eمراجع |
||
| 942 |
_2ddc _cBK _n0 _e21 |
||
| 999 |
_c89749 _d89749 |
||